| 000 | 01415cam a2200313 a 4500 | ||
|---|---|---|---|
| 001 | 3582 | ||
| 003 | BD-RjUL | ||
| 005 | 20211208233744.0 | ||
| 008 | 131219s1980 enkab 00100 eng d | ||
| 020 | _a0043410162 (pbk.) | ||
| 020 | _a0043410154 | ||
| 035 | _a(BD-RjUL)3616 | ||
| 035 | _a1450728 | ||
| 040 |
_aBD-RjUL _beng _cBD-RjUL |
||
| 041 | _aeng | ||
| 082 | 0 | 0 |
_a341.45 _219 _bMAR |
| 245 | 0 | 4 |
_aThe Maritime dimension / _cedited by R.P. Barston and Patricia Birnie. |
| 260 |
_aLondon ; _aBoston : _bAllen & Unwin, _cc1980. |
||
| 300 |
_a194 p. : _bill., maps ; _c23 cm. |
||
| 504 | _aIncludes bibliographical references and index. | ||
| 505 | 0 | _aThe law of the sea before and after UNCLOS I and UNCLOS II / by P.W. Birnie -- International fisheries / by Paul A. Driver -- The deep seabed / by Victor Prescott -- Offshore resources / by Peter Odell -- The marine environment / by R.P. Barston and P.W. Birnie -- International shipping / by Christopher Hayman -- The contemporary use of maritime power / by Peter Nailor -- The law of the sea conference / by R.P. Barston -- Contemporary maritime legal problems / by P.W. Birnie. | |
| 650 | 0 |
_aMaritime law. _91257 |
|
| 650 | 0 |
_aMarine resources conservation _xLaw and legislation. _911333 |
|
| 700 | 1 |
_aBarston, R. P. _q(Ronald Peter) _911334 |
|
| 700 | 1 |
_aBirnie, Patricia W. _911335 |
|
| 942 |
_2ddc _cBK |
||
| 999 |
_c3582 _d3582 |
||